[Event "13th Parsvnath Open"]
[Site "New Delhi IND"]
[Date "2015.01.13"]
[Round "7.21"]
[White "Chakravarthi Reddy, M"]
[Black "Gagare, Shardul"]
[Result "0-1"]
[WhiteTitle "IM"]
[BlackTitle "IM"]
[WhiteElo "2239"]
[BlackElo "2437"]
[WhiteFideId "25009532"]
[BlackFideId "5037883"]
[EventDate "2015.01.09"]

1. d4 d5 2. Nf3 Nf6 3. g3 Bf5 4. Bg2 e6 5. O-O c6 6. c4 Nbd7 7. b3 Be7 8. Bb2
O-O 9. Nbd2 Ne4 10. a3 Qb6 11. Rc1 Rfd8 12. e3 Qa6 13. Nxe4 Bxe4 14. Nd2 Bxg2
15. Kxg2 Nf6 16. b4 Qb6 17. c5 Qa6 18. Nb3 Rdc8 19. f3 b6 20. Qc2 Qb5 21. Bc3
Nd7 22. Ra1 a5 23. a4 Qa6 24. bxa5 bxc5 25. dxc5 Qc4 26. Rfc1 Nxc5 27. Nxc5 Qxc5
28. Qd3 Qa7 29. Rab1 Bd8 30. Rb2 Bxa5 31. Bd4 Qd7 32. Rbc2 Bd8 33. Qb3 Rcb8 34.
Qc3 c5 35. Bxg7 d4 36. exd4 Kxg7 37. dxc5+ Bf6 38. c6 Qa7 39. Qd3 Rd8 40. Qe2
Qxa4 41. c7 Rdc8 42. Rc4 Qa5 43. Rc5 Qa6 44. Qe4 Qd6 45. Qg4+ Kf8 46. R1c2 Ra2
47. Qc4 Rxc2+ 48. Qxc2 Be5 0-1

[Event "13th Parsvnath Open"]
[Site "New Delhi IND"]
[Date "2015.01.13"]
[Round "7.22"]
[White "Krishna Teja, N"]
[Black "Prasanna, Raghuram Rao"]
[Result "1-0"]
[BlackTitle "IM"]
[WhiteElo "2158"]
[BlackElo "2436"]
[WhiteFideId "5001498"]
[BlackFideId "5022401"]
[EventDate "2015.01.09"]

1. Nf3 d6 2. d4 f5 3. Nc3 Nf6 4. Bg5 d5 5. Bxf6 exf6 6. e3 c6 7. Bd3 Bd6 8. h3
Be6 9. Nh4 g6 10. g4 fxg4 11. hxg4 Rg8 12. Qf3 Nd7 13. O-O-O Qe7 14. e4 dxe4 15.
Bxe4 Kf8 16. Rde1 Re8 17. Ng2 Qf7 18. a3 Nb6 19. Ne3 Rg7 20. d5 cxd5 21. Nexd5
Be5 22. Nxb6 axb6 23. Bd5 Bxc3 24. Rxe6 Rxe6 25. Qxc3 Qd7 26. Bxe6 Qxe6 27. Re1
Qc6 28. Qxc6 bxc6 29. Re6 Rc7 30. Rxf6+ Ke7 31. g5 Kd8 32. b4 Kc8 33. b5 cxb5
34. Rxb6 Rc4 35. Rf6 b4 36. axb4 Rxb4 37. Rf7 Rh4 38. Kd2 h6 39. gxh6 Rxh6 40.
Rg7 Rh2 41. Ke3 Rg2 42. c4 Rg5 43. f4 Rg3+ 44. Ke4 Rc3 45. Kd5 Rf3 46. Ke5 Rc3
47. Rxg6 Rxc4 48. Rd6 Kc7 49. Rd1 Rc5+ 50. Ke6 Rc6+ 51. Kf7 Rc5 52. Kg6 Rc2 53.
f5 Rg2+ 54. Kf7 Rf2 55. f6 Rf3 56. Ke7 Re3+ 57. Kf8 Rf3 58. f7 Rf2 59. Rg1 1-0

[Event "13th Parsvnath Open"]
[Site "New Delhi IND"]
[Date "2015.01.13"]
[Round "7.23"]
[White "Karthikeyan, P."]
[Black "Abhilash, Reddy M.L."]
[Result "1-0"]
[WhiteTitle "IM"]
[WhiteElo "2435"]
[BlackElo "2251"]
[WhiteFideId "5018226"]
[BlackFideId "5024668"]
[EventDate "2015.01.09"]

1. d4 d5 2. c4 c6 3. Nf3 Nf6 4. Nc3 dxc4 5. a4 e6 6. Bg5 h6 7. Bxf6 Qxf6 8. e4
Bb4 9. Bxc4 Nd7 10. e5 Qe7 11. O-O Nb6 12. Ba2 Nd5 13. Rc1 b6 14. Qd3 Bxc3 15.
bxc3 Qa3 16. Qc2 Bb7 17. Nd2 Qe7 18. Ne4 O-O 19. Bb1 f5 20. exf6 Nxf6 21. Nxf6+
Rxf6 22. Qh7+ Kf7 23. f4 Rf8 24. Rfe1 Ke8 25. Ba2 g5 26. Qe4 gxf4 27. Bxe6 Kd8
28. Qe5 Qc7 29. Bg4 Qxe5 30. dxe5 R6f7 31. Rcd1+ Kc7 32. e6 Re7 33. Rd7+ Rxd7
34. exd7 Rd8 35. Rf1 Rf8 36. Re1 Rd8 37. Re6 Rxd7 38. Rxh6 Rf7 39. Bf3 a5 40. c4
b5 41. cxb5 cxb5 42. Bxb7 Kxb7 43. Rh5 bxa4 44. Rxa5 f3 45. g3 Rd7 46. Rxa4 Rd2
47. Rf4 Rg2+ 48. Kh1 Rf2 49. h4 Kc6 50. h5 Kd5 51. h6 Rf1+ 52. Kh2 Rf2+ 53. Kh3
Rf1 54. Kg4 f2 55. Kf5 Rh1 56. Rxf2 Rxh6 57. Rd2+ Kc6 58. g4 Rh1 59. g5 Rf1+ 60.
Ke6 Re1+ 61. Kf7 Rf1+ 62. Kg7 Rg1 63. g6 Rf1 64. Kg8 Rg1 65. g7 Rf1 66. Rd8 Kc7
67. Rf8 1-0

[Event "13th Parsvnath Open"]
[Site "New Delhi IND"]
[Date "2015.01.13"]
[Round "7.24"]
[White "Himanshu, Sharma"]
[Black "Deshpande, Aniruddha"]
[Result "1-0"]
[WhiteTitle "IM"]
[WhiteElo "2427"]
[BlackElo "2157"]
[WhiteFideId "5007836"]
[BlackFideId "5021774"]
[EventDate "2015.01.09"]

1. e4 c5 2. Nc3 Nc6 3. Nge2 g6 4. d4 cxd4 5. Nxd4 Bg7 6. Nde2 Nf6 7. g3 O-O 8.
Bg2 d6 9. O-O Bg4 10. h3 Bxe2 11. Nxe2 Rc8 12. a4 Nd7 13. c3 Na5 14. Nf4 Nc4 15.
Ra2 e6 16. Re1 Nde5 17. h4 h5 18. Nd3 Nxd3 19. Qxd3 Qb6 20. Qd1 Be5 21. Be3 Nxe3
22. Rxe3 Kg7 23. a5 Qc5 24. Qd2 Rfd8 25. Ra1 Bf6 26. Rd3 Rc7 27. Kh2 Rcd7 28. f4
d5 29. a6 bxa6 30. exd5 exd5 31. b3 Rc7 32. Rc1 d4 33. c4 a5 34. Ra1 Qb4 35.
Rxa5 Qxd2 36. Rxd2 Rb8 37. Rd3 Be7 38. Rd5 Bc5 39. Re5 Bd6 40. Re2 Re7 41. Rxe7
Bxe7 42. Rxd4 Rxb3 43. Rd7 Bc5 44. Bd5 Rb2+ 45. Kh3 Bg1 46. Rxf7+ Kh6 47. g4
hxg4+ 48. Kxg4 Bb6 49. Rb7 Bd4 50. Rd7 Rb8 51. Be4 Bf6 52. Rxa7 Re8 53. Kf3 Re6
54. h5 Bd4 55. Rd7 Bc5 56. hxg6 Re7 57. Rxe7 Bxe7 58. Kg4 Kg7 59. Kf5 Bd6 60.
Bd5 1-0

[Event "13th Parsvnath Open"]
[Site "New Delhi IND"]
[Date "2015.01.13"]
[Round "7.25"]
[White "Nishant, Malhotra"]
[Black "Satyapragyan, Swayangsu"]
[Result "0-1"]
[BlackTitle "IM"]
[WhiteElo "2167"]
[BlackElo "2410"]
[WhiteFideId "5099129"]
[BlackFideId "5004306"]
[EventDate "2015.01.09"]

1. d4 Nf6 2. c4 e6 3. Nc3 Bb4 4. f3 O-O 5. a3 Bxc3+ 6. bxc3 Nh5 7. Nh3 f5 8. Bg5
Qe8 9. g4 Nf6 10. Bxf6 Rxf6 11. Bg2 d6 12. O-O e5 13. g5 Rf8 14. f4 e4 15. Nf2
Nc6 16. c5 dxc5 17. Qb3+ Kh8 18. dxc5 Qe7 19. Nd1 Be6 20. Qb2 Qxc5+ 21. e3 b6
22. Rf2 Rad8 23. Bf1 Rd6 24. Rd2 Rxd2 25. Qxd2 Rd8 26. Qc2 Na5 27. Rb1 Qxa3 28.
c4 Qc5 29. Rb5 Qd6 30. Nb2 c5 31. Na4 Qd1 0-1

[Event "13th Parsvnath Open"]
[Site "New Delhi IND"]
[Date "2015.01.13"]
[Round "7.26"]
[White "Gokhale, Chandrashekhar"]
[Black "Brunello, Sabino"]
[Result "0-1"]
[WhiteTitle "IM"]
[BlackTitle "GM"]
[WhiteElo "2254"]
[BlackElo "2552"]
[WhiteFideId "5001315"]
[BlackFideId "813613"]
[EventDate "2015.01.09"]

1. Nf3 d5 2. g3 c5 3. Bg2 Nf6 4. d3 Nc6 5. Nbd2 e6 6. O-O b5 7. e4 Bb7 8. Re1
Be7 9. c3 O-O 10. h4 h6 11. e5 Nd7 12. Nf1 b4 13. cxb4 Nxb4 14. a3 Nc6 15. h5
Qa5 16. N1h2 Rfb8 17. Bf4 Qb5 18. Rb1 Bf8 19. Bf1 a5 20. Ng4 Ba6 21. Qc1 Kh7 22.
Rd1 Ne7 23. Ne3 Qb7 24. Bg2 Qb3 25. Bf1 Qa4 26. Nd2 Rb6 27. b3 Qc6 28. a4 Qb7
29. Re1 Rb8 30. Qd1 Nc6 31. Nc2 Nd4 32. Nxd4 cxd4 33. Nf3 Rxb3 34. Rxb3 Qxb3 35.
Nxd4 Qxd1 36. Rxd1 Rb4 37. Nc6 Rxa4 38. Bd2 Ra2 39. f4 Bb5 0-1

[Event "13th Parsvnath Open"]
[Site "New Delhi IND"]
[Date "2015.01.13"]
[Round "7.27"]
[White "Kulkarni, Rakesh"]
[Black "Evdokimov, Alexander A."]
[Result "1/2-1/2"]
[BlackTitle "GM"]
[WhiteElo "2241"]
[BlackElo "2538"]
[WhiteFideId "5037077"]
[BlackFideId "4139275"]
[EventDate "2015.01.09"]

1. e4 c5 2. c3 g6 3. d4 cxd4 4. cxd4 d5 5. e5 Nc6 6. Nc3 Bg7 7. h3 f6 8. f4 Nh6
9. g4 fxe5 10. fxe5 O-O 11. Bg2 e6 12. Nf3 b6 13. O-O Ba6 14. Rf2 Qd7 15. Be3
Nb4 16. Qd2 Nf7 17. Bf1 Bxf1 18. Raxf1 Nc6 19. h4 Ne7 20. Ne2 Rac8 21. Ng3 Qa4
22. h5 Qa5 23. b4 Qa3 24. h6 Bh8 25. Kh2 Nc6 26. Rb1 Rc7 27. Qc1 Qa4 28. b5
Ncxe5 29. Qxc7 Nxg4+ 30. Kh1 Nxe3 31. Ng5 Be5 32. Rxf7 Bxc7 33. Rg7+ Kh8 34.
Rxh7+ Kg8 35. Rg7+ Kh8 36. Rh7+ Kg8 37. Rg7+ 1/2-1/2

[Event "13th Parsvnath Open"]
[Site "New Delhi IND"]
[Date "2015.01.13"]
[Round "7.28"]
[White "Ashwath, R."]
[Black "Dzhumaev, Marat"]
[Result "1/2-1/2"]
[BlackTitle "GM"]
[WhiteElo "2216"]
[BlackElo "2515"]
[WhiteFideId "5021049"]
[BlackFideId "14200236"]
[EventDate "2015.01.09"]

1. d4 Nf6 2. Nf3 c5 3. e3 g6 4. dxc5 Qa5+ 5. Nbd2 Qxc5 6. a3 Qc7 7. b4 Bg7 8.
Bb2 O-O 9. Be2 b6 10. c4 Bb7 11. O-O d6 12. Qb3 Nbd7 13. Rac1 Rac8 14. Rfd1 Qb8
15. Nd4 e5 16. Nb5 a6 17. Nc3 e4 18. Nd5 Nxd5 19. cxd5 Rxc1 20. Rxc1 Bxd5 21.
Qxd5 Bxb2 22. Rc2 Nf6 23. Qc6 Be5 24. Bxa6 d5 25. g3 Kg7 26. Qb7 Qd8 27. Rc8
Qxc8 28. Qxc8 Rxc8 29. Bxc8 Bb2 30. Nb1 d4 31. exd4 Bxd4 32. a4 Ne8 33. a5 Nd6
34. Bd7 bxa5 35. bxa5 Nc4 36. a6 Ne5 37. Bc8 Nc4 38. Nc3 Bxc3 39. a7 Nb6 40. Bb7
f5 41. a8=Q Nxa8 42. Bxa8 Kf6 43. Kf1 Ke5 44. Ke2 Bd4 45. Bc6 g5 46. Be8 g4 47.
Bf7 Kf6 48. Be8 Kg5 49. Bd7 h5 50. Bc6 h4 51. Bb7 h3 52. Bc6 Kf6 53. Bb7 Ke5 54.
Bc8 Bb6 55. Bd7 Bc7 56. Bc8 Kf6 57. Bb7 Bb6 58. Bc6 Ke5 59. Bd7 Bd8 60. Bc8 Bg5
61. Bd7 Kf6 62. Bc6 Bc1 63. Bb7 Ke5 64. Bc8 Ba3 65. Bd7 Bc5 66. Bc8 Bd6 67. Bd7
Kf6 68. Bc6 Ke6 69. Bb7 Kd7 70. Bd5 Bc5 71. Bb7 Bb6 72. Bd5 Bc7 73. Bb7 Bb8 74.
Bd5 Ke7 75. Bb7 Kd8 76. Bd5 Kd7 77. Bb7 Bc7 78. Bd5 Ke7 79. Bb7 Ke6 80. Bc8+ Kf6
81. Bb7 Kg5 82. Bc6 Kg6 83. Bb7 Kf7 84. Bc8 Kf6 1/2-1/2

[Event "13th Parsvnath Open"]
[Site "New Delhi IND"]
[Date "2015.01.13"]
[Round "7.29"]
[White "Thejkumar, M. S."]
[Black "Lakshmi Narayanan, MV"]
[Result "1-0"]
[WhiteTitle "IM"]
[WhiteElo "2459"]
[BlackElo "2215"]
[WhiteFideId "5009154"]
[BlackFideId "5040647"]
[EventDate "2015.01.09"]

1. d4 Nf6 2. Nf3 b6 3. c4 e6 4. g3 Bb7 5. Bg2 Bb4+ 6. Bd2 Bxd2+ 7. Qxd2 O-O 8.
O-O d6 9. Nc3 Nbd7 10. Qc2 Qe7 11. e4 e5 12. Nd5 Qd8 13. Rfd1 exd4 14. Nxd4 Nxd5
15. cxd5 a5 16. b3 Nc5 17. a3 Qf6 18. Rac1 Rfe8 19. b4 axb4 20. axb4 Na6 21. Qd2
g6 22. Rc2 Re7 23. Ra1 Rae8 24. f3 Nb8 25. Ra7 Bc8 26. Raxc7 Rxc7 27. Rxc7 Bd7
28. Rb7 Rc8 29. Rxb6 Ba4 30. Rb7 Na6 31. Bf1 Nb8 32. b5 h5 33. Ra7 Re8 34. Rb7
Rc8 35. Ra7 Qe7 1-0

[Event "13th Parsvnath Open"]
[Site "New Delhi IND"]
[Date "2015.01.13"]
[Round "7.30"]
[White "Rajesh, V A V"]
[Black "Ajay Krishna, S"]
[Result "0-1"]
[WhiteTitle "IM"]
[WhiteElo "2397"]
[BlackElo "2187"]
[WhiteFideId "5029317"]
[BlackFideId "5096430"]
[EventDate "2015.01.09"]

1. d4 d5 2. c4 e6 3. Nf3 Nf6 4. Nc3 Nbd7 5. Bf4 dxc4 6. e3 a6 7. Bxc4 b5 8. Bb3
Bd6 9. Bg5 Bb7 10. Bc2 Qb8 11. Bh4 c5 12. Bg3 h6 13. dxc5 Bxg3 14. hxg3 Nxc5 15.
g4 Nd5 16. Qd4 Qc7 17. Nxd5 Bxd5 18. Qxg7 O-O-O 19. Qc3 Rhg8 20. e4 Nxe4 21.
Qxc7+ Kxc7 22. Rc1 Kb6 23. Bxe4 Bxe4 24. Rxh6 Rxg4 25. Ne5 Rxg2 26. Nxf7 Rg1+
27. Ke2 Rxc1 28. Nxd8 Rc2+ 29. Kd1 Bf5 30. b4 Rc7 31. Nxe6 Rc6 32. Nd4 Bg4+ 0-1

[Event "13th Parsvnath Open"]
[Site "New Delhi IND"]
[Date "2015.01.13"]
[Round "7.31"]
[White "Dodeja, Pawan"]
[Black "Visakh, NR"]
[Result "0-1"]
[WhiteElo "2172"]
[BlackElo "2346"]
[WhiteFideId "5012686"]
[BlackFideId "25012223"]
[EventDate "2015.01.09"]

1. e4 c5 2. Nf3 d6 3. d4 cxd4 4. Nxd4 Nf6 5. Nc3 a6 6. Be3 e5 7. Nb3 Be6 8. f3
Be7 9. Qd2 O-O 10. O-O-O a5 11. a4 Nc6 12. g4 Nb4 13. Kb1 Rc8 14. g5 Ne8 15. h4
d5 16. exd5 Bf5 17. Na1 Nd6 18. h5 Qd7 19. h6 g6 20. Rh2 f6 21. Bb6 Bd8 22. Bxd8
Qxd8 23. gxf6 Qxf6 24. Qe3 Bd7 25. Qb6 Rxc3 26. bxc3 Nb5 27. Qe3 Qf4 28. Qxf4
Nxc3+ 29. Kc1 Rxf4 30. Re1 Rxf3 31. Bc4 Rf4 32. Bb3 Bxa4 33. d6+ Kf8 34. Rd2 Bd7
35. Kb2 Ne4 36. Rde2 Nxd6 37. Rxe5 a4 38. Rd1 Rf6 39. Rd4 Nc6 40. Rxd6 Rxd6 41.
Rd5 Rxd5 42. Bxd5 b5 43. c3 Ne7 44. Be4 Nf5 45. Nc2 Nxh6 46. Nd4 Nf5 47. Bc6
Bxc6 48. Nxc6 h5 49. Ka3 h4 50. Ne5 Kg7 51. Kb4 h3 52. Ng4 Ne3 0-1

[Event "13th Parsvnath Open"]
[Site "New Delhi IND"]
[Date "2015.01.13"]
[Round "7.32"]
[White "Gusain, Himal"]
[Black "Thing, Bibek"]
[Result "1-0"]
[WhiteElo "2322"]
[BlackElo "1979"]
[WhiteFideId "5033861"]
[BlackFideId "12303135"]
[EventDate "2015.01.09"]

1. e4 c5 2. b3 d6 3. Bb2 Nc6 4. Bb5 Bd7 5. f4 a6 6. Bxc6 Bxc6 7. Qe2 e6 8. Nf3
Qc7 9. d4 cxd4 10. Nxd4 Nf6 11. Nc3 Be7 12. O-O-O Rc8 13. g4 b5 14. a3 d5 15. e5
Ne4 16. Nxe4 dxe4 17. Nxc6 Qxc6 18. Rhe1 e3 19. Rd3 Bh4 20. Red1 Qe4 21. Qxe3
Qg2 22. R3d2 Qxg4 23. Rg1 Qf5 24. Rxg7 Kf8 25. Rgg2 Be7 26. Qg3 Bc5 27. b4 Bb6
28. Bd4 Bxd4 29. Rxd4 h5 30. Qh4 Re8 31. Rg5 Qh7 32. Rd7 1-0

[Event "13th Parsvnath Open"]
[Site "New Delhi IND"]
[Date "2015.01.13"]
[Round "7.33"]
[White "Pradeep, Kumar R.A."]
[Black "Aradhya, Garg"]
[Result "1-0"]
[WhiteElo "2291"]
[BlackElo "2158"]
[WhiteFideId "5023181"]
[BlackFideId "25006746"]
[EventDate "2015.01.09"]

1. Nf3 d5 2. c4 d4 3. g3 Nc6 4. Bg2 e5 5. O-O Nf6 6. d3 a5 7. Na3 Be7 8. Nc2 O-O
9. a3 Nd7 10. Rb1 a4 11. Bd2 Na5 12. Na1 Nc6 13. Nc2 Nc5 14. Nb4 f6 15. Nxc6
bxc6 16. Bb4 Be6 17. Nd2 Qd7 18. f4 exf4 19. Rxf4 Bf7 20. Rf2 Rfe8 21. Qf1 Bd6
22. Kh1 Ne6 23. Ne4 Bg6 24. Bd2 Bxe4 25. Bxe4 Nc5 26. Bf5 Qf7 27. Qg2 Ra6 28.
Rbf1 Nb3 29. Bf4 Bf8 30. Qh3 g6 31. Bd7 Re7 32. Bg5 f5 33. Bxf5 gxf5 34. Rxf5
Ra5 35. Rxf7 Rxf7 36. Qe6 1-0

[Event "13th Parsvnath Open"]
[Site "New Delhi IND"]
[Date "2015.01.13"]
[Round "7.34"]
[White "Michelle Catherina, P"]
[Black "Raghunandan, Kaumandur Srihari"]
[Result "1/2-1/2"]
[BlackTitle "FM"]
[WhiteElo "2061"]
[BlackElo "2285"]
[WhiteFideId "5005736"]
[BlackFideId "25004964"]
[EventDate "2015.01.09"]

1. e4 c5 2. Nf3 d6 3. d4 cxd4 4. Nxd4 Nf6 5. Nc3 a6 6. Be3 e5 7. Nb3 Be6 8. h3
Nbd7 9. g4 Rc8 10. Qd2 b5 11. O-O-O Nb6 12. f4 b4 13. Nd5 Nbxd5 14. exd5 Bxd5
15. Bxa6 Bxh1 16. Bxc8 Bf3 17. Rf1 Bc6 18. Ba6 Qa8 19. Qe2 Be7 20. fxe5 dxe5 21.
Bc5 Bxc5 22. Nxc5 O-O 23. Qxe5 Re8 24. Qg3 Bd5 25. g5 Ne4 26. Nxe4 Rxe4 27. Re1
g6 28. Rxe4 Bxe4 29. Bc4 Qc8 1/2-1/2

[Event "13th Parsvnath Open"]
[Site "New Delhi IND"]
[Date "2015.01.13"]
[Round "7.35"]
[White "Nath, Rupankar"]
[Black "Puranik, Abhimanyu"]
[Result "1-0"]
[BlackTitle "CM"]
[WhiteElo "2077"]
[BlackElo "2278"]
[WhiteFideId "5006724"]
[BlackFideId "5061245"]
[EventDate "2015.01.09"]

1. d4 Nf6 2. Nf3 g6 3. c4 Bg7 4. Nc3 d5 5. cxd5 Nxd5 6. e4 Nxc3 7. bxc3 O-O 8.
Be2 c5 9. O-O cxd4 10. cxd4 b6 11. Be3 e6 12. e5 Bb7 13. Nd2 Bd5 14. Bf3 Nc6 15.
Ne4 Qd7 16. Rc1 Ne7 17. h4 Nf5 18. h5 Qb7 19. Ng3 Nh4 20. Bxd5 Qxd5 21. f3 Qxa2
22. Rf2 Qd5 23. Bg5 Nf5 24. Nxf5 exf5 25. h6 Bh8 26. Rfc2 a5 27. Rc6 Qb5 28. f4
a4 29. d5 a3 30. Be7 Rfe8 31. d6 a2 32. d7 a1=Q 33. Rxa1 Qxc6 34. Rxa8 Qxa8 35.
dxe8=Q+ Qxe8 36. Qd6 Qc8 37. Kh2 b5 38. Kh3 Qc3+ 39. Kh2 Qc8 40. Qc5 Qd7 41. Bd6
Qb7 42. Kh3 g5 43. fxg5 Qd7 44. Kg3 Qb7 45. Kh3 Qd7 46. Kh2 Qb7 47. Kg3 Qd7 48.
Qd5 Qd8 49. Kf4 Qe8 50. Qb7 b4 51. Qxb4 1-0

[Event "13th Parsvnath Open"]
[Site "New Delhi IND"]
[Date "2015.01.13"]
[Round "7.36"]
[White "Kumar, Gaurav"]
[Black "Arvind, Shastry"]
[Result "1/2-1/2"]
[WhiteElo "1986"]
[BlackElo "2261"]
[WhiteFideId "5085578"]
[BlackFideId "5008778"]
[EventDate "2015.01.09"]

1. e4 c5 2. Nf3 d6 3. d4 cxd4 4. Nxd4 Nf6 5. Nc3 g6 6. Be3 Bg7 7. f3 O-O 8. Qd2
Nc6 9. Bc4 Bd7 10. O-O-O Qa5 11. Bb3 Rfc8 12. Kb1 Ne5 13. h4 b5 14. g4 b4 15.
Nd5 Nxd5 16. Bxd5 Nc4 17. Bxc4 Rxc4 18. h5 Rac8 19. hxg6 hxg6 20. Qh2 e5 21.
Qh7+ Kf8 22. Bh6 exd4 23. Qxg7+ Ke7 24. Rh5 R4c5 25. Qxd4 R8c6 26. Rxc5 Qxc5 27.
Qxc5 dxc5 28. e5 Kd8 29. Bf8 Kc7 30. Rd5 Be6 31. Rxc5 Rxc5 32. Bxc5 a5 33. b3
Bd5 34. f4 Be6 35. g5 Kc6 36. Be7 Kb5 37. Kc1 Bf5 38. a4+ Ka6 39. Bd8 Be4 40.
Kd2 Bf5 41. c3 bxc3+ 42. Kxc3 Be6 43. b4 axb4+ 44. Kxb4 Ba2 45. Kc5 Bb3 46. a5
Ba2 47. Kd6 Bb3 48. Ke7 Ba2 49. Kf6 Bb3 50. Bc7 Ba2 51. Bb6 Bb3 52. Bd8 Ba2 53.
f5 gxf5 54. Kxf5 Bb3 55. Kf6 Ba2 56. g6 fxg6 57. Kxg6 Kb7 58. Kf6 Ka8 59. Ke7
Bb3 60. Kd6 Ba2 61. e6 Bxe6 62. Kxe6 Kb7 63. Kd7 Ka8 64. Kc8 Ka7 65. Bc7 Ka8 66.
Bb8 1/2-1/2

[Event "13th Parsvnath Open"]
[Site "New Delhi IND"]
[Date "2015.01.13"]
[Round "7.37"]
[White "Anurag, Mhamal"]
[Black "Gavi, Siddayya"]
[Result "1-0"]
[WhiteTitle "IM"]
[WhiteElo "2446"]
[BlackElo "1938"]
[WhiteFideId "5024366"]
[BlackFideId "5032822"]
[EventDate "2015.01.09"]

1. e4 c5 2. Nf3 d6 3. d4 cxd4 4. Qxd4 Nc6 5. Bb5 Bd7 6. Bxc6 Bxc6 7. Bg5 Nf6 8.
Nc3 e6 9. O-O Be7 10. Rad1 Qc7 11. Rfe1 O-O 12. Qd3 Rfd8 13. Nd4 a6 14. Qg3 Nh5
15. Qe3 Re8 16. Bxe7 Qxe7 17. Rd3 Rac8 18. e5 dxe5 19. Qxe5 g6 20. Nxc6 Rxc6 21.
Ne4 Qc7 22. Qxc7 Rxc7 23. g4 f5 24. Nd6 Nf4 25. Nxe8 Nxd3 26. cxd3 Rc6 27. Nf6+
Kg7 28. g5 h6 29. h4 hxg5 30. hxg5 Kf7 31. Re2 Rc7 32. f4 1-0

[Event "13th Parsvnath Open"]
[Site "New Delhi IND"]
[Date "2015.01.13"]
[Round "7.38"]
[White "Swapnil, S. Dhopade"]
[Black "Mahalakshmi, M"]
[Result "1-0"]
[WhiteTitle "IM"]
[BlackTitle "WFM"]
[WhiteElo "2424"]
[BlackElo "2116"]
[WhiteFideId "5019184"]
[BlackFideId "5001080"]
[EventDate "2015.01.09"]

1. d4 Nf6 2. Bg5 e6 3. e4 h6 4. Bxf6 Qxf6 5. c3 d6 6. Bd3 Nd7 7. Ne2 e5 8. O-O
g5 9. Na3 Nb6 10. Nc2 Bg4 11. Ne3 h5 12. d5 Bg7 13. a4 Bd7 14. a5 Nc8 15. Qb3
Rb8 16. a6 b6 17. Bb5 Qd8 18. Ng3 Ne7 19. Ngf5 Bf6 20. Nxe7 Qxe7 21. Nf5 Qd8 22.
c4 Kf8 23. Bxd7 Qxd7 24. Qe3 Be7 25. b4 f6 26. Rfc1 Kf7 27. Rc3 c5 28. dxc6 Qxc6
29. Rd1 Rbc8 30. b5 Qc5 31. Qe2 Qb4 32. Qc2 Rc7 33. Ne3 Rcc8 34. Rb3 Qc5 35. Rd5
Qc7 36. Rbd3 Rh7 37. Qd1 Rd8 38. Rc3 Rhh8 39. Nf5 Rh7 40. Qe2 Rhh8 41. h4 g4 42.
f3 Rdg8 43. Qd1 Ke6 44. Rcd3 gxf3 45. Rxf3 Rg6 46. Qb3 Rhg8 47. g3 Kd7 48. Kh2
Rc8 49. Rc3 Rg4 50. Qc2 Rd8 51. c5 bxc5 52. Rcxc5 Qa5 53. Rc6 Rdg8 54. Rcxd6+
Bxd6 55. Rxd6+ Ke8 56. Qc8+ Kf7 57. Rd7+ 1-0

[Event "13th Parsvnath Open"]
[Site "New Delhi IND"]
[Date "2015.01.13"]
[Round "7.39"]
[White "Pranavananda, V"]
[Black "Sardana, Rishi"]
[Result "1-0"]
[BlackTitle "IM"]
[WhiteElo "2115"]
[BlackElo "2404"]
[WhiteFideId "5073588"]
[BlackFideId "25004301"]
[EventDate "2015.01.09"]

1. d4 d5 2. c4 c6 3. Nc3 Nf6 4. e3 Bf5 5. Nf3 a6 6. Qb3 Ra7 7. a4 e6 8. a5 Nbd7
9. Nh4 Be4 10. f3 dxc4 11. Bxc4 Bd5 12. g3 Be7 13. e4 Bxc4 14. Qxc4 c5 15. dxc5
Ne5 16. Qa4+ Nfd7 17. O-O Bxc5+ 18. Kg2 Nc6 19. f4 Bb4 20. Be3 Ra8 21. Rfd1 Bxa5
22. e5 Bxc3 23. bxc3 Ne7 24. c4 b5 25. cxb5 Nd5 26. Qa3 N7b6 27. bxa6 Nc4 28.
Qa4+ Qd7 29. Qxd7+ Kxd7 30. Bf2 Rhb8 31. a7 Rb2 32. Rdb1 Nde3+ 33. Kh3 Rxf2 34.
Rb8 Rf1 35. Rxf1 Rxa7 36. Rc1 Rc7 37. Rh8 h6 38. Rh7 g5 39. fxg5 hxg5 40. Ng6
g4+ 41. Kh4 Nf5+ 42. Kg5 Kc8 43. Rh8+ Kb7 44. Nf4 Nfe3 45. Kf6 Rc5 46. Rb1+ Ka7
47. Kxf7 Rxe5 48. Nxe6 Nd5 49. Nf4 Nd6+ 50. Kg6 Ne7+ 51. Kf6 Nc6 52. Rh7+ Ka6
53. Rh5 Ne8+ 54. Kg6 Ne7+ 55. Kf7 Nf5 56. Rxf5 Nd6+ 57. Kf6 Rxf5+ 58. Ke6 Rb5
59. Ra1+ Kb7 60. Kxd6 Rb2 61. Rh1 Kc8 62. Ke5 Kd7 63. Kf5 Ke7 64. Kxg4 Kf7 65.
h4 Kg7 66. h5 Kh6 67. Ra1 Rb6 68. Kh4 Rf6 69. Ra5 1-0

[Event "13th Parsvnath Open"]
[Site "New Delhi IND"]
[Date "2015.01.13"]
[Round "7.40"]
[White "Vaishali, R"]
[Black "Del Rey, Diego"]
[Result "0-1"]
[WhiteTitle "WFM"]
[BlackTitle "IM"]
[WhiteElo "2100"]
[BlackElo "2390"]
[WhiteFideId "5091756"]
[BlackFideId "102164"]
[EventDate "2015.01.09"]

1. e4 c5 2. Nf3 Nc6 3. Bb5 e6 4. O-O Nge7 5. c3 a6 6. Ba4 b5 7. Bc2 d5 8. d4
cxd4 9. Nxd4 Bb7 10. Nb3 Qc7 11. Nc5 Rd8 12. Nxb7 Qxb7 13. Nd2 d4 14. Nf3 dxc3
15. Qe2 Ng6 16. bxc3 Be7 17. a4 O-O 18. axb5 axb5 19. Be3 Ra8 20. Rxa8 Rxa8 21.
Rb1 Ra2 22. Qd1 Ra5 23. h3 Nge5 24. Nxe5 Nxe5 25. Qd4 Qc7 26. Bb3 h6 27. f4 Nd7
28. e5 Bc5 29. Qe4 Bxe3+ 30. Qxe3 Ra3 31. Kh2 g6 32. Qd3 Qc6 33. Bd1 Rxc3 34.
Qxb5 Qc7 35. Qb7 Qd8 36. Bf3 Nf8 37. Rd1 Qa5 38. Qe4 Kg7 39. Rb1 Qc5 40. Re1 Rc4
41. Qe3 Qxe3 42. Rxe3 Rxf4 43. Be4 h5 44. g3 Rf2+ 45. Kg1 Rd2 46. h4 Nd7 47. Bc6
Nc5 48. Bb5 Rb2 49. Be2 Nb3 50. Re4 Nd4 51. Bxh5 Nf5 52. Bf3 Nxg3 53. Rg4 Nh5
54. Kf1 Kh6 55. Rc4 Ng3+ 56. Kg1 Nf5 57. Rc7 Kg7 58. h5 g5 59. Bg4 Nd4 60. h6+
Kg6 61. Rd7 Nc6 62. h7 Rb8 63. Bd1 Nxe5 64. Bc2+ Kg7 65. Rc7 Ng6 66. Bd3 Rh8 67.
Bc4 Kf6 68. Bb5 Rxh7 69. Be8 Ne5 70. Kg2 Rh8 0-1

[Event "13th Parsvnath Open"]
[Site "New Delhi IND"]
[Date "2015.01.13"]
[Round "7.41"]
[White "Senthil, Maran K"]
[Black "Ortega Ruiz, Jose Miguel"]
[Result "1-0"]
[BlackTitle "FM"]
[WhiteElo "2104"]
[BlackElo "2339"]
[WhiteFideId "25035681"]
[BlackFideId "2209713"]
[EventDate "2015.01.09"]

1. d4 Nf6 2. g3 g6 3. c4 Bg7 4. Nf3 d6 5. Bg2 O-O 6. O-O Nc6 7. Nc3 a6 8. h3 Rb8
9. e4 b5 10. d5 Na5 11. cxb5 axb5 12. b4 Nc4 13. Nd4 Bd7 14. a4 bxa4 15. b5 Nb6
16. Qd3 Ra8 17. Be3 e6 18. Nc6 Bxc6 19. bxc6 exd5 20. exd5 a3 21. Bxb6 cxb6 22.
Nb5 a2 23. Qb3 Ne8 24. Rxa2 Rxa2 25. Qxa2 Nc7 26. Rb1 Nxb5 27. Rxb5 Bd4 28. Bf3
Qe7 29. Kg2 f5 30. Rb4 Bc5 31. Ra4 b5 32. Ra5 Rb8 33. Ra8 Qd8 34. Rxb8 Qxb8 35.
Qa5 Qb6 36. Qa8+ Kg7 37. Qc8 Bxf2 38. Qd7+ Kh6 39. Qe7 Bxg3 40. Kxg3 Qg1+ 41.
Bg2 f4+ 42. Kf3 1-0